[Event "Feeling Sheepish"]
[Site "http://www.queenalice.com/game.php?id=350899"]
[Date "2008.2.8"]
[Round "-"]
[White "i8CATCS"]
[Black "Donyelko"]
[Result "0-1"]
[WhiteElo "1100"]
[BlackElo "1875"]

1. e4 c5 2. e5 d5 3. Nf3 Bg4 4. Nc3 a6 5. h3 Bxf3 6. Qxf3 e6 7. Be2 Nc6 8. Qf4
Nd4 9. Bd3 g6 10. Na4 Bh6 11. Qg3 c4 12. c3 Nc6 13. Be2 Qa5 14. b3 cxb3 15. axb3
b5 16. b4 Qc7 17. Nc5 Nge7 18. d4 Bxc1 19. Rxc1 O-O 20. O-O Rfb8 21. Nb3 a5 22.
Ra1 a4 23. Nc1 Nf5 24. Qg5 Nce7 25. g4 Ng7 26. Bd3 Qxc3 27. Ra2 Qxb4 28. Kg2
Qxd4 29. Rd1 Qa7 30. h4 h5 31. gxh5 Nxh5 32. Be2 Kf8 33. Bxh5 gxh5 34. Qxh5 Ke8
35. Nb3 Ng6 36. Qg5 Qe7 37. Qxe7+ Kxe7 38. Nd4 Nxh4+ 39. Kg3 Nf5+ 40. Nxf5+ exf5
41. Rxd5 Ke6 42. Rad2 Rg8+ 43. Kf4 Rg4+ 44. Kf3 b4 45. Rb5 a3 46. Rd1 a2 47. Rh1
a1=Q 48. Rh6+ Rg6 0-1

[Event "Welsh Rarebit"]
[Site "http://www.queenalice.com/game.php?id=411147"]
[Date "2008.5.31"]
[Round "-"]
[White "i8CATCS"]
[Black "Donyelko"]
[Result "0-1"]
[WhiteElo "1100"]
[BlackElo "2039"]

1. e4 g6 2. b3 Bg7 3. c3 d5 4. exd5 Qxd5 5. Qf3 Qxf3 6. Nxf3 Nf6 7. Na3 a6 8. d4
O-O 9. Bf4 Nd5 10. Bd2 b6 11. c4 Nf6 12. O-O-O Rd8 13. h3 e6 14. g4 Bb7 15. Bg2
Nc6 16. Ne5 Nxe5 17. Bxb7 Nd3+ 18. Kc2 Nxf2 19. Bxa8 Rxa8 20. Bb4 Nxh1 21. Rxh1
Ne4 22. Be1 Bxd4 23. Kd3 Bb2 24. Kxe4 Bxa3 25. Bh4 b5 26. Rd1 bxc4 27. bxc4 Bd6
28. Bf6 h6 29. h4 Kf8 30. g5 h5 31. Rb1 Ke8 32. Kd4 c5+ 33. Ke4 Rb8 34. Rxb8+
Bxb8 35. Be5 Ba7 36. Bc7 Kd7 37. Bh2 Bb6 38. Bg1 Bc7 39. Bxc5 Bg3 40. Be3 Bxh4
41. Kf3 e5 42. Ke4 Ke6 43. c5 f5+ 44. Kf3 f4 45. Bf2 Bxg5 46. Ke4 Bd8 0-1

[Event "Sheeplovers United"]
[Site "http://www.queenalice.com/game.php?id=476254"]
[Date "2008.10.12"]
[Round "-"]
[White "i8CATCS"]
[Black "Donyelko"]
[Result "0-1"]
[WhiteElo "1100"]
[BlackElo "1896"]

1. e4 e5 2. Nf3 Nc6 3. d3 Nf6 4. Bg5 Be7 5. Nbd2 O-O 6. Nc4 d5 7. Ncxe5 Nxe5 8.
Nxe5 dxe4 9. Bxf6 Bxf6 10. Ng4 exd3 11. Nxf6+ Qxf6 12. Bxd3 Qxb2 13. O-O Qf6 14.
Qh5 g6 15. Qh6 Bf5 16. Bxf5 Qxf5 17. Rac1 Rfe8 18. g3 Re2 19. Qf4 Qxf4 20. gxf4
Re4 21. Rfe1 Rxf4 22. Re7 Rc4 23. Kg2 Kf8 24. Re2 Ra4 25. c3 Re8 26. Rb2 b6 27.
Rd1 Rc4 28. Rd7 Rxc3 29. Rbd2 a5 30. Rd8 Rxd8 31. Rxd8+ Ke7 32. Rh8 h5 33. f3
Rc2+ 0-1

[Event "Challenge"]
[Site "http://www.queenalice.com/game.php?id=476640"]
[Date "2008.10.13"]
[Round "-"]
[White "Mikalus"]
[Black "i8CATCS"]
[Result "1-0"]
[WhiteElo "1877"]
[BlackElo "1100"]

1. e4 e5 2. Bc4 f6 3. Nf3 d6 4. d4 Bg4 5. Qd3 Nc6 6. Nbd2 Bxf3 7. Nxf3 Nb4 8.
Qb3 d5 9. exd5 a5 10. a4 Ne7 11. d6 Qxd6 12. Bf7+ Kd8 13. O-O g6 14. dxe5 fxe5
15. Bg5 e4 16. Rad1 Qxd1 17. Rxd1+ Kc8 18. Rd8+ Kxd8 19. Ne5 Bg7 20. Nc4 h6 21.
Bf4 Ra6 22. Nxa5 Rb6 23. Qc4 Nbd5 24. Bxd5 Rxb2 25. Qxc7+ Ke8 26. Qb8+ Nc8 27.
Qxc8+ Ke7 28. Qe6+ Kd8 29. Nxb7+ 1-0

[Event "sheep shaggers revenge"]
[Site "http://www.queenalice.com/game.php?id=487884"]
[Date "2008.11.4"]
[Round "-"]
[White "i8CATCS"]
[Black "Donyelko"]
[Result "0-1"]
[WhiteElo "1100"]
[BlackElo "1896"]

1. e3 e5 2. Nf3 e4 3. Ne5 d6 4. Nc4 d5 5. Na5 Nf6 6. d4 Bb4+ 7. Bd2 Bxd2+ 8.
Qxd2 O-O 9. h4 b6 10. Nb3 Re8 11. h5 Ng4 12. f3 exf3 13. gxf3 Nxe3 14. h6 Nc4+
15. Be2 Nxd2 16. Kxd2 Qg5+ 17. Kc3 Rxe2 18. Na3 Qe3+ 19. Kb4 a5+ 0-1

[Event "Welsh revenge"]
[Site "http://www.queenalice.com/game.php?id=487885"]
[Date "2008.11.4"]
[Round "-"]
[White "i8CATCS"]
[Black "Mikalus"]
[Result "0-1"]
[WhiteElo "1119"]
[BlackElo "1906"]

1. e3 e5 2. Nf3 Nc6 3. Bb5 d6 4. O-O a6 5. Bxc6+ bxc6 6. d4 e4 7. Nfd2 d5 8. Nb3
Nf6 9. Na5 c5 10. dxc5 Bxc5 11. b3 Qd6 12. Nc3 Bb6 13. Nc4 dxc4 14. bxc4 Qe6 15.
Nd5 Ba5 16. Bd2 Nxd5 17. Bxa5 Nf6 18. Bxc7 O-O 19. f3 Qxc4 20. Be5 Qe6 21. f4
Qf5 22. Bxf6 Qxf6 23. Qd5 Bf5 24. h3 Rfd8 25. Qb7 Qg6 26. Rad1 Bxh3 27. Kf2
Qxg2+ 28. Ke1 Rxd1+ 29. Kxd1 Qxf1+ 30. Kd2 Rd8+ 31. Kc3 Qe1+ 32. Kb2 Qxe3 33.
Qe7 Qb6+ 34. Kc1 Bg4 0-1

[Event "Feeling Sheepish"]
[Site "http://www.queenalice.com/game.php?id=620422"]
[Date "2009.7.17"]
[Round "-"]
[White "i8CATCS"]
[Black "Donyelko"]
[Result "0-1"]
[WhiteElo "1119"]
[BlackElo "1967"]

1. e4 c5 2. Nf3 Nc6 3. c3 g6 4. Na3 Bg7 5. g3 e5 6. Bc4 Nf6 7. Ng5 d5 8. Bb5 Bd7
9. Bxc6 Bxc6 10. O-O Nxe4 11. Nxe4 dxe4 12. Nc4 b5 13. Ne3 O-O 14. c4 a6 15.
cxb5 axb5 16. f4 exf4 17. Rxf4 Bh6 18. Rf2 Bxe3 19. Qf1 Bxf2+ 20. Qxf2 Qd4 21.
Qxd4 cxd4 0-1

[Event "Challenge"]
[Site "http://www.queenalice.com/game.php?id=621708"]
[Date "2009.7.20"]
[Round "-"]
[White "bumpywater"]
[Black "i8CATCS"]
[Result "1-0"]
[WhiteElo "1697"]
[BlackElo "1119"]

1. e4 e5 2. Nf3 Nc6 3. d4 d6 4. dxe5 dxe5 5. Qxd8+ Kxd8 6. Bb5 f6 7. Bxc6 bxc6
8. O-O f5 9. Nxe5 Bd7 10. Rd1 Kc8 11. Nxd7 Be7 12. exf5 Nf6 13. Nxf6 gxf6 14.
Bf4 Rb8 15. b3 Rd8 16. Re1 Bb4 17. c3 Bd6 18. Bxd6 cxd6 19. Nd2 Kc7 20. Re7+ Kb6
21. Nc4+ Kc5 22. Rxa7 d5 23. Ra5+ Rb5 24. Rxb5+ Kxb5 25. a4+ Kc5 26. Na5 Kb6 27.
b4 Re8 28. h3 Re2 29. Rc1 Rb2 30. Kh2 Rxf2 31. Re1 Rxf5 32. Re6 Kc7 33. Rxc6+
Kd7 34. b5 1-0

[Event "Challenge"]
[Site "http://www.queenalice.com/game.php?id=623568"]
[Date "2009.7.23"]
[Round "-"]
[White "Mikalus"]
[Black "i8CATCS"]
[Result "1-0"]
[WhiteElo "1862"]
[BlackElo "1119"]

1. e4 e5 2. Bc4 Nf6 3. Nf3 d6 4. Ng5 Be6 5. Bxe6 fxe6 6. Nxe6 Qe7 7. Nxf8 Rxf8
8. Nc3 Nfd7 9. Nd5 Qh4 10. O-O Na6 11. d3 c6 12. Nc3 Nf6 13. h3 d5 14. Qf3 Nxe4
15. Qe3 Nac5 16. Nxe4 dxe4 17. Qxc5 Rf6 18. Qxe5+ Kf8 19. Bg5 Re8 20. Qxe8+ Kxe8
21. Bxh4 1-0

[Event "Battle of the Foreheads"]
[Site "http://www.queenalice.com/game.php?id=676279"]
[Date "2009.11.2"]
[Round "-"]
[White "i8CATCS"]
[Black "Donyelko"]
[Result "0-1"]
[WhiteElo "1119"]
[BlackElo "2001"]

1. e3 e5 2. c3 d5 3. Nf3 e4 4. d4 exf3 5. Qxf3 Nf6 6. Bb5+ c6 7. Bd3 Bg4 8. Qg3
Bd6 9. f4 Nbd7 10. O-O Qc7 11. b4 O-O-O 12. h3 Bxh3 13. Qxh3 g6 14. f5 Kb8 15.
c4 Bxb4 16. a3 Ba5 17. e4 dxe4 18. Bf4 Ne5 19. Bxe5 Rd6 20. Qh2 Rhd8 21. c5 Ng4
22. Bxd6 Nxh2 23. Bxc7+ Bxc7 24. Rd1 exd3 25. fxg6 fxg6 26. Rxd3 Rf8 27. Nd2 Ng4
28. Nf3 Rd8 29. Re1 b6 30. cxb6 axb6 31. Rb3 Kb7 32. Re7 h6 33. a4 Rd5 34. g3 c5
35. dxc5 Rxc5 36. Rg7 g5 37. Rb4 Rc1+ 38. Kg2 Rc2+ 39. Kh3 Nf2+ 40. Kg2 Nd3+ 0-1

[Event "Challenge"]
[Site "http://www.queenalice.com/game.php?id=698013"]
[Date "2009.12.14"]
[Round "-"]
[White "Donyelko"]
[Black "i8CATCS"]
[Result "1-0"]
[WhiteElo "1969"]
[BlackElo "1119"]

1. e4 e5 2. Nf3 d6 3. h3 c5 4. Nc3 Ne7 5. Bc4 g6 6. Ng5 Qa5 7. Nxf7 Rg8 8. Nxd6+
Kd7 9. Bxg8 Kxd6 10. Bxh7 Nd7 11. Qf3 Bg7 12. Qf7 Bh6 13. Bxg6 Qd8 14. d3 Bxc1
15. Rxc1 Nxg6 16. Qxg6+ Qf6 17. Qxf6+ Nxf6 18. Kd2 Bd7 19. g4 Nh7 20. Nd5 Ng5
21. Ke3 Rf8 22. f4 exf4+ 23. Nxf4 Ke5 24. Ng6+ 1-0

[Event "Challenge"]
[Site "http://www.queenalice.com/game.php?id=698014"]
[Date "2009.12.14"]
[Round "-"]
[White "i8CATCS"]
[Black "Mikalus"]
[Result "0-1"]
[WhiteElo "1119"]
[BlackElo "1853"]

1. e4 c5 2. Nc3 Nc6 3. Nh3 e6 4. d3 Nf6 5. Bg5 Be7 6. f4 h6 7. Bxf6 Bxf6 8. e5
Bh4+ 9. g3 Be7 10. Bg2 Qb6 11. Na4 Qb4+ 12. c3 Qa5 13. O-O b5 14. b4 cxb4 15.
cxb4 Qxb4 16. a3 Qxa4 17. Qxa4 bxa4 18. d4 Ba6 19. Rfb1 O-O 20. f5 exf5 21. d5
Nxe5 22. d6 Bxd6 23. Bxa8 Rxa8 24. Rd1 Bc5+ 25. Nf2 Nf3+ 26. Kg2 Bb7 27. Rab1
Nd2+ 28. Kg1 Bxf2+ 29. Kxf2 Nxb1 30. Rxb1 Bc6 0-1

[Event "Challenge"]
[Site "http://www.queenalice.com/game.php?id=708677"]
[Date "2010.1.5"]
[Round "-"]
[White "pacomar16"]
[Black "i8CATCS"]
[Result "0-1"]
[WhiteElo "1089"]
[BlackElo "1119"]

1. e4 e5 2. Qh5 Qf6 3. Nf3 g6 4. Qxe5+ Qxe5 5. Nxe5 f6 6. Nc4 b5 7. Na5 Bb4 8.
Nc4 Na6 9. Na5 Bxa5 10. c3 b4 11. a3 bxc3 12. b4 cxd2+ 13. Bxd2 Bb6 14. b5 Bd4
15. bxa6 Bxa1 16. Ba5 Rb8 17. Bc3 Rxb1+ 18. Kd2 Bxc3+ 19. Kxc3 Bxa6 20. Bxa6
Rxh1 21. Kd4 Rxh2 22. e5 fxe5+ 23. Kxe5 Rxg2 24. Bb7 Rxf2 25. a4 h5 26. a5 Ne7
27. Kd4 h4 28. Ke3 Rhf8 29. Kd4 h3 30. Bh1 h2 31. Ke3 Rf1 32. Be4 h1=Q 33. Bxh1
Rxh1 34. Kd4 g5 35. Kc5 g4 36. Kb5 g3 37. Ka6 g2 38. Kxa7 g1=Q+ 39. Kb7 Qb1+ 40.
Kxc7 Qb2 41. a6 Ra1 42. a7 Rxa7+ 43. Kd6 Qb6+ 44. Ke5 Ra5+ 0-1

[Event "Challenge"]
[Site "http://www.queenalice.com/game.php?id=711232"]
[Date "2010.1.9"]
[Round "-"]
[White "Donyelko"]
[Black "i8CATCS"]
[Result "1-0"]
[WhiteElo "1996"]
[BlackElo "1135"]

1. d4 e6 2. e4 Qh4 3. Qf3 Nc6 4. c3 b5 5. Bxb5 Rb8 6. Bxc6 dxc6 7. e5 Bb7 8. Qf4
Qxf4 9. Bxf4 g6 10. Nf3 Nh6 11. b4 Ba6 12. Nbd2 Ng4 13. a3 Bh6 14. Bxh6 Nxh6 15.
c4 Nf5 16. O-O h5 17. Rfb1 O-O 18. a4 Rfd8 19. b5 cxb5 20. axb5 Bb7 21. Rxa7
Bxf3 22. Nxf3 Nxd4 23. Nxd4 Rxd4 24. Rxc7 Rd2 25. g3 Rc2 26. b6 Rd2 27. c5 Rc2
28. b7 Kf8 29. Rc8+ 1-0

[Event "Challenge"]
[Site "http://www.queenalice.com/game.php?id=719190"]
[Date "2010.1.23"]
[Round "-"]
[White "i8CATCS"]
[Black "Mikalus"]
[Result "1-0"]
[WhiteElo "1135"]
[BlackElo "1874"]

1. e4 c5 2. c4 Nc6 3. Ne2 a6 4. b3 b5 5. f4 e6 6. e5 d6 7. exd6 Bxd6 8. g3 Bb7
9. Bg2 Qc7 10. O-O Nf6 11. a4 bxa4 12. bxa4 O-O 13. Rf2 Ng4 14. Rf1 Nd4 15. Bxb7
Qxb7 16. Nxd4 Nxh2 17. Kxh2 cxd4 18. Qf3 Qb4 19. Ba3 Qb6 20. Rc1 Qa5 21. Bxd6
Rfc8 22. Qe4 Qxd2+ 23. Nxd2 1-0

[Event "Challenge"]
[Site "http://www.queenalice.com/game.php?id=750384"]
[Date "2010.3.23"]
[Round "-"]
[White "Donyelko"]
[Black "i8CATCS"]
[Result "1-0"]
[WhiteElo "2034"]
[BlackElo "1133"]

1. e4 e5 2. Nf3 d6 3. Bc4 Nh6 4. d4 Bg4 5. dxe5 dxe5 6. Qxd8+ Kxd8 7. Nxe5 Be6
8. Bxe6 Ke7 9. Bb3 Nc6 10. Nxc6+ bxc6 11. Bxh6 gxh6 12. O-O Bg7 13. c3 Rad8 14.
Na3 h5 15. Nc4 Rd6 16. Nxd6 cxd6 17. Rad1 Be5 18. f4 Bf6 19. Rfe1 Rg8 20. e5 Bh4
21. g3 Bxg3 22. exd6+ Kd7 23. Re7+ 1-0

[Event "Challenge"]
[Site "http://www.queenalice.com/game.php?id=750385"]
[Date "2010.3.23"]
[Round "-"]
[White "Mikalus"]
[Black "i8CATCS"]
[Result "1-0"]
[WhiteElo "1895"]
[BlackElo "1135"]

1. e4 e5 2. Bc4 Nh6 3. Nf3 d6 4. d4 Bg4 5. Be2 Bxf3 6. Bxf3 f6 7. d5 g5 8. Bh5+
Nf7 9. Bxf7+ Kxf7 10. Nc3 c5 11. dxc6 Nxc6 12. Nd5 Nd4 13. c3 Ne6 14. Qh5+ Kg8
15. Be3 Ng7 16. Qf3 h5 17. Nxf6+ Kf7 18. Bxg5 Ke6 19. Qh3+ Nf5 20. Qxf5+ Ke7 21.
Nd5+ 1-0

[Event "Challenge"]
[Site "http://www.queenalice.com/game.php?id=762307"]
[Date "2010.4.17"]
[Round "-"]
[White "roidechecs"]
[Black "i8CATCS"]
[Result "1-0"]
[WhiteElo "1423"]
[BlackElo "1127"]

1. e4 e5 2. Nf3 f6 3. d4 Nc6 4. dxe5 Nxe5 5. Nxe5 fxe5 6. Nc3 d6 7. Be3 Qh4 8.
Bb5+ c6 9. Bd3 Bg4 10. Be2 O-O-O 11. Bxg4+ Kc7 12. g3 Qf6 13. Qd2 Qg6 14. Bg5
Be7 15. Bxe7 Nxe7 16. h3 b5 17. h4 Qxg4 18. Qe2 Qe6 19. g4 b4 20. Na4 d5 21. Qa6
Nc8 22. Qa5+ Kd6 23. exd5 cxd5 24. Qxb4+ Kc7 25. Nc5 Qb6 26. Qxb6+ Kxb6 27. Ne6
Rd7 28. Ng5 h6 29. Nf3 Re7 30. O-O-O e4 31. Nd4 Rd8 32. Rde1 Rf8 33. Rhf1 Rf4
34. g5 Nd6 35. gxh6 gxh6 36. f3 Rxh4 37. fxe4 Rhxe4 38. Rxe4 Rxe4 39. Rf6 Kc7
40. Nf3 Re3 41. Nh4 Nc4 42. Rf1 Rh3 43. Nf5 Ne3 44. Nxe3 Rxe3 45. Rh1 Re6 46. c3
Kc6 47. b3 Kc5 48. a3 a5 49. Kc2 a4 50. bxa4 Kb6 51. Rb1+ Ka5 52. Rb5+ Kxa4 53.
Rxd5 Re2+ 54. Kd3 Re8 55. c4 Kxa3 56. c5 Rh8 57. Kc4 h5 58. c6 h4 59. Rd3+ Kb2
60. Rh3 Rh6 61. Kc5 1-0

[Event "Challenge"]
[Site "http://www.queenalice.com/game.php?id=931957"]
[Date "2011.4.29"]
[Round "-"]
[White "Donyelko"]
[Black "i8CATCS"]
[Result "1-0"]
[WhiteElo "1956"]
[BlackElo "1127"]

1. e4 e5 2. Nf3 Nc6 3. Bc4 a6 4. a4 Nh6 5. d4 f6 6. Bxh6 gxh6 7. Nh4 Nxd4 8.
Qh5+ Ke7 9. Qf7+ Kd6 10. Nf5+ Nxf5 11. exf5 Qe7 12. Qd5# 1-0